| 000 | 00912nam a2200253 i 4500 | ||
|---|---|---|---|
| 001 | 182178 | ||
| 003 | ES-MaACL | ||
| 005 | 20250718203912.0 | ||
| 008 | 130621s2012 sp a | |||||||| | spa d | ||
| 020 | _a978-84-939308-3-7 | ||
| 080 | _a821.111(73)-32"18" | ||
| 100 | 1 |
_aWharton, Edith ( _d1862-1937) _9116611 |
|
| 245 | 1 | 0 |
_aXingú / _cEdith Wharton ; traducción de Pepa Linares ; prólogo de Eva Puyó ; ilustraciones de Sara Morante. |
| 250 | _a1ª ed. | ||
| 260 |
_aZaragoza : _bContraseña, _c2012. |
||
| 300 |
_a81 p. : _bil. col. ; _c21 cm. |
||
| 700 | 1 |
_aLinares, Pepa. _972344 |
|
| 700 | 1 |
_aPuyó, Eva. _9152974 |
|
| 700 | 1 |
_aMorante, Sara, _d1976- _9152975 |
|
| 852 |
_aES-MaACL _jA-12755 _9189089 _bR.148892 _cDEPO1 _dOlim: N-5755 _xDonación: Pepa Linares _zDedicatoria autógrafa de la traductora |
||
| 903 |
_972344 _aLinares, Pepa _ednr |
||
| 942 |
_2udc _cMONOGRAFIA |
||
| 999 |
_c182178 _d182178 |
||